| 000 | 00599nam a2200193 a 4500 | ||
|---|---|---|---|
| 001 | 000008926 | ||
| 005 | 20240412074208.0 | ||
| 008 | 090921s2000 dr c r 000 p spa d | ||
| 040 |
_aDO-SdBNP _bspa _cBNPHU |
||
| 082 |
_aRD861.44 _bF316e |
||
| 100 | 1 |
_aFéliz DʻOleo, Aquiles _923497 |
|
| 245 | 1 | 0 |
_aEscaramuzas de mis amores / _cAquiles Féliz DʻOleo. |
| 260 |
_a[s. l.] : _b[s. n.], _c[2000?]. |
||
| 300 |
_a95 p. : _bretrs. ; _c21 cm. |
||
| 590 | _aInventariado, 2018/BT | ||
| 650 | 0 |
_aPoesía dominicana _966 |
|
| 650 | 0 |
_aLiteratura dominicana. _967 |
|
| 910 | _aValidado. Control de calidad MFF | ||
| 999 |
_c8692 _d8692 |
||